Statistiken für Aktuelle Europäische Fußballmeister

Klicken Sie hier um das Quiz zu spielen!

Allgemein

  • Dieses Quiz wurde 351 mal gespielt
    (34 seit der letzten Aktualisierung)
  • Das Durchschnittsergebnis liegt bei 24 aus 55

Antwortstatistiken

LandMeister% Korrekt
DeutschlandBayer 04 Leverkusen
97%
ItalienInter Mailand
94%
EnglandManchester City
94%
SpanienReal Madrid
91%
FrankreichParis St. Germain
88%
SchottlandCeltic Glasgow
84%
KroatienDinamo Zagreb
81%
NiederlandePSV Eindhoven
81%
TürkeiGalatasaray Istanbul
78%
ÖsterreichSturm Graz
78%
SchweizYoung Boys Bern
78%
BelgienClub Brügge
75%
FinnlandHJK Helsinki
75%
RusslandZenit St. Petersburg
75%
PortugalSporting CP
72%
RumänienFCSB Bukarest
69%
LiechtensteinFC Vaduz
69%
IsraelMaccabi Tel Aviv
66%
SchwedenMalmö FF
66%
GriechenlandPAOK Saloniki
63%
UkraineSchachtar Donezk
63%
UngarnFerencvaros Budapest
59%
SerbienRoter Stern Belgrad
59%
TschechienSlavia Prag
59%
BelarusDinamo Minsk
56%
EstlandFlora Tallinn
56%
IslandVikingur Reykjavik
56%
LettlandRiga FS
53%
ZypernAPOEL Nikosia
50%
SlowakeiSlovan Bratislava
44%
AserbaidschanQarabag Agdam
41%
MoldawienSheriff Tiraspol
38%
DänemarkFC Midtjylland
34%
NorwegenFK Bodö/Glimt
25%
BulgarienLudogorez Rasgrad
22%
PolenJagiellonia Bialystok
19%
GibraltarLincoln Red Imps FC
16%
ArmenienPjunik Erewan
16%
IrlandShamrock Rovers
16%
Bosnien und HerzegowinaBorac Banja Luka
13%
GeorgienDinamo Batumi
13%
WalesThe New Saints
9%
LuxemburgFC Differdange 03
6%
AndorraUE Santa Coloma
6%
AlbanienEgnatia Rrogozhine
3%
MaltaHamrun Spartans
3%
SlowenienNK Celje
3%
MontenegroDecic Tuzi
0%
NordmazedonienFC Struga Trim-Lum
0%
LitauenFK Panevezys
0%
KosovoKF Ballkani Suhareka
0%
FaröerKlaksvik Itrottarfelag
0%
NordirlandLarne FC
0%
KasachstanOrdabassy Schymkent
0%
San MarinoVirtus Acquaviva
0%

Verteilung der Resultate

Perzentil nach korrekt beantworteten Fragen

Anzahl Personen mit jedem Resultat

Ihre Resultats-Entwicklung

Sie haben dieses Quiz seit der letzten Aktualisierung nicht gespielt